Loading...

Introduction to magnetic materials /

Bibliographic Details
Main Author: Cullity, B. D.
Other Authors: Graham, C. D.
Format: Printed Book
Language:English
Published: Hoboken, N.J. : IEEE/Wiley, c2009.
Edition:2nd ed.
Subjects:
Online Access:http://www.loc.gov/catdir/enhancements/fy0910/2009419081-b.html
http://www.loc.gov/catdir/enhancements/fy0910/2009419081-d.html
http://www.loc.gov/catdir/enhancements/fy0910/2009419081-t.html
LEADER 00966cam a2200253 a 4500
005 20200810155107.0
008 090518s2009 njua 001 0 eng
082 0 0 |a 538/.4  |b CUL 
100 1 |a Cullity, B. D.  |9 4669 
245 1 0 |a Introduction to magnetic materials /  |c B.D. Cullity, C.D. Graham. 
250 |a 2nd ed. 
300 |a xvii, 544 p. :  |b ill.  |c 25 cm. 
653 |a Magnetism 
653 |a Magnetic materials 
700 1 |a Graham, C. D.  |9 8838 
856 4 2 |u http://www.loc.gov/catdir/enhancements/fy0910/2009419081-b.html 
856 4 2 |u http://www.loc.gov/catdir/enhancements/fy0910/2009419081-d.html 
856 4 1 |u http://www.loc.gov/catdir/enhancements/fy0910/2009419081-t.html 
942 |c BK  |6 _ 
260 |a Hoboken, N.J. :  |b IEEE/Wiley,  |c c2009. 
500 |a Includes index. 
020 |a 9780471477419 
999 |c 214847  |d 214847 
952 |0 0  |1 0  |2 ddc  |4 0  |6 5384_CUL  |7 0  |9 278451  |a PHY  |b PHY  |d 2010-10-21  |l 3  |o 538/.4 CUL  |p PHY003501  |r 2019-07-04  |s 2019-07-04  |w 2010-10-21  |y BK